Perangkaan Perhutanan Semenanjung Malaysia 2003 = Forestry Statistics Peninsular Malaysia 2003

Bibliographic Details
Corporate Author: Malaysia . Jabatan Perhutanan Semenanjung
Format: Book
Published: Kuala Lumpur : Jabatan Perhutanan Semenanjung Malaysia , 2004
Subjects:

MARC

LEADER 00000cam a2200000 7i4500
001 0000048979
005 20050119.0
008 050119s2004
022 0 |a 13944525 
090 0 0 |a R 634.909595 JPSM 
110 0 |a Malaysia .   |b Jabatan Perhutanan Semenanjung 
245 0 0 |a Perangkaan Perhutanan Semenanjung Malaysia 2003 = Forestry Statistics Peninsular Malaysia 2003   |c Jabatan Perhutanan Semenanjung Malaysia 
260 |a Kuala Lumpur :   |b Jabatan Perhutanan Semenanjung Malaysia ,   |c 2004 
300 |a xiv,159p. ;   |c 19cm. 
650 0 0 |a Forest and forestry - Statistics - Malaysia 
999 |a LT000046   |b Laporan Tahunan   |c Laporan Tahunan   |e Perbadanan Perpustakaan Awam Melaka